[Event "European Youth Chess Championship B14"]
[Site "Prague, Top Hotel Prague"]
[Date "2016.08.22"]
[Round "5.5"]
[White "Keinanen, Toivo"]
[Black "Mis, Mieszko"]
[Result "1-0"]
[WhiteElo "2337"]
[BlackElo "2041"]
[PlyCount "149"]
[EventDate "2016.08.18"]

1. c4 e5 2. g3 Nc6 3. Nc3 g6 4. Bg2 Bg7 5. e4 d6 6. Nge2 f5 7. d3 Nf6 8. O-O
O-O 9. Nd5 Be6 10. Bg5 Qd7 11. Qd2 Rf7 12. exf5 gxf5 13. Nxf6+ Bxf6 14. Bxf6
Rxf6 15. f4 Re8 16. b3 Bf7 17. fxe5 Rxe5 18. Rae1 d5 19. Nf4 Rxe1 20. Qxe1 dxc4
21. dxc4 Nd4 22. Nd5 Bxd5 23. Bxd5+ Kg7 24. Qe5 c5 25. Re1 Kg6 26. Qb8 f4 27.
Qg8+ Qg7 28. Qxg7+ Kxg7 29. Re7+ Kh8 30. gxf4 b5 31. Rxa7 Rxf4 32. Kg2 Rg4+ 33.
Kh3 h5 34. Re7 bxc4 35. bxc4 Rg1 36. Re5 Ra1 37. Rxh5+ Kg7 38. Rg5+ Kf6 39. Rg2
Nf5 40. Re2 Kg5 41. Rg2+ Kf6 42. Rf2 Kg5 43. Rb2 Kf4 44. Rf2+ Kg5 45. Be4 Nd6
46. Bd3 Rd1 47. Rf3 Ra1 48. Kg3 Rg1+ 49. Kf2 Ra1 50. Rf8 Rxa2+ 51. Kg3 Ra6 52.
h4+ Kh6 53. Rf6+ Kg7 54. Rg6+ Kh8 55. h5 Rb6 56. Kh4 Nc8 57. Rg5 Rd6 58. Rxc5
Nb6 59. Be2 Nd7 60. Rf5 Rd2 61. Bf1 Rd6 62. Kg5 Kg8 63. Bg2 Kh7 64. Be4 Kh8 65.
Ra5 Rb6 66. Ra8+ Rb8 67. Rxb8+ Nxb8 68. c5 Nd7 69. c6 Nb6 70. c7 Nc8 71. h6 Na7
72. Bf5 Kg8 73. Kf6 Kh8 74. h7 Nc8 75. Bxc8 1-0

[Event "European Youth Chess Championship B14"]
[Site "Prague, Top Hotel Prague"]
[Date "2016.08.22"]
[Round "5.6"]
[White "Vlachos, Anatole"]
[Black "Sonis, Francesco"]
[Result "0-1"]
[WhiteElo "2160"]
[BlackElo "2427"]
[PlyCount "82"]
[EventDate "2016.08.18"]

1. e4 e6 2. d4 d5 3. Nc3 Nf6 4. e5 Nfd7 5. f4 c5 6. Nf3 Be7 7. Be3 O-O 8. Be2
Nc6 9. O-O f6 10. exf6 Nxf6 11. h3 Ne4 12. dxc5 Bxc5 13. Bxc5 Nxc5 14. Nd4 Qb6
15. Nxc6 bxc6 16. Qd4 Nd7 17. Qxb6 axb6 18. a4 e5 19. fxe5 Nxe5 20. Rxf8+ Kxf8
21. Kf2 Bf5 22. Bd1 d4 23. Ne2 d3 24. cxd3 Nxd3+ 25. Ke3 Re8+ 26. Kd2 Rd8 27.
Kc3 b5 28. b4 c5 29. bxc5 b4+ 30. Kd2 Nxc5+ 31. Ke1 b3 32. Bxb3 Nxb3 33. Ra3
Be6 34. a5 Bc4 35. Ng3 Ra8 36. Ra4 Nxa5 37. Nf5 Re8+ 38. Kf2 Re5 39. Nd6 Be6
40. Kf3 Ke7 41. Ne4 Bd5 0-1

[Event "European Youth Chess Championship B14"]
[Site "Prague, Top Hotel Prague"]
[Date "2016.08.22"]
[Round "5.7"]
[White "Matviishen, Viktor"]
[Black "Kalavannan, Koby"]
[Result "1-0"]
[WhiteElo "2405"]
[BlackElo "2146"]
[PlyCount "119"]
[EventDate "2016.08.18"]

1. d4 Nf6 2. Bg5 g6 3. Bxf6 exf6 4. e3 d5 5. g3 Bg7 6. Bg2 c6 7. Ne2 f5 8. O-O
O-O 9. Nd2 Nd7 10. c4 dxc4 11. Nxc4 Nf6 12. Qc2 Be6 13. Nf4 Bd5 14. Nxd5 Nxd5
15. Rab1 Rc8 16. b4 Qe7 17. Qb3 Rfd8 18. Rfc1 Qd7 19. a4 Bf8 20. Ne5 Qe6 21.
Nd3 Nf6 22. Qxe6 fxe6 23. Nc5 Bxc5 24. bxc5 Rc7 25. Rb3 Rdd7 26. a5 a6 27. f3
Kf7 28. Kf2 Ng8 29. Bf1 Ne7 30. Bc4 Kf6 31. Rd1 Rd8 32. e4 Rdd7 33. Re3 Nc8 34.
exf5 exf5 35. Re6+ Kg7 36. Re8 Re7 37. Rg8+ Kh6 38. h4 Rg7 39. Rf8 Ne7 40. g4
fxg4 41. fxg4 Nd5 42. Bxd5 cxd5 43. Re1 Rgf7+ 44. Rxf7 Rxf7+ 45. Kg3 Kg7 46.
Re6 Kf8 47. Rd6 Ke7 48. Rxd5 Rf1 49. Rd6 Ra1 50. Rb6 Rxa5 51. Rxb7+ Ke6 52.
Rxh7 Ra4 53. Rg7 Kf6 54. Rd7 Ke6 55. Rd6+ Kf7 56. Kf4 Ra1 57. Kg5 a5 58. Rxg6
a4 59. Ra6 a3 60. h5 1-0

[Event "European Youth Chess Championship B14"]
[Site "Prague, Top Hotel Prague"]
[Date "2016.08.22"]
[Round "5.8"]
[White "Milosevic, Milos"]
[Black "Baenziger, Fabian"]
[Result "0-1"]
[WhiteElo "2132"]
[BlackElo "2325"]
[PlyCount "190"]
[EventDate "2016.08.18"]

1. d4 Nf6 2. Nf3 g6 3. g3 Bg7 4. Bg2 O-O 5. O-O d6 6. Re1 Nbd7 7. e4 e5 8. Nc3
c6 9. a4 a5 10. h3 Qc7 11. dxe5 dxe5 12. Be3 Rd8 13. Qc1 Nf8 14. Rd1 N6d7 15.
Rd2 Nb6 16. Rxd8 Qxd8 17. Qd2 Qc7 18. b3 Be6 19. Rd1 Bf6 20. Qd6 Qxd6 21. Rxd6
Nbd7 22. Rd1 Be7 23. Ne1 Bb4 24. Na2 Bc5 25. Bxc5 Nxc5 26. Nc3 Nfd7 27. Bf1 Kf8
28. Nf3 f6 29. Kg2 Ke7 30. Be2 Na6 31. Rd2 Nb4 32. h4 Nc5 33. Kf1 Bh3+ 34. Ke1
Bg2 35. Kd1 Bxf3 36. Bxf3 Ne6 37. Kc1 Nd4 38. Be2 Kd6 39. Nd1 Kc5 40. Ne3 b5
41. Ng4 bxa4 42. bxa4 Rb8 43. c3 Nb3+ 44. Kd1 Nxd2 45. cxb4+ Kxb4 46. Kxd2 Rd8+
47. Kc1 Rd6 48. Bd1 Kc3 49. f4 Kd4 50. Bc2 c5 51. Kd2 c4 52. Ne3 c3+ 53. Ke2
Kc5 54. Nd5 Kc4 55. Ne3+ Kc5 56. Nd5 Kd4 57. Ne3 Rb6 58. Nd1 Rb4 59. Ke1 Rb8
60. Ke2 Rc8 61. Nf2 Rd8 62. Nd3 exf4 63. Nxf4 Rb8 64. Ne6+ Kc4 65. Nf4 Rb2 66.
Kd1 Ra2 67. Nd3 Kd4 68. Nc1 Ra1 69. Bb3 Kxe4 70. Kc2 Kf3 71. Bg8 h6 72. Bf7 g5
73. hxg5 hxg5 74. Bh5+ Kxg3 75. Ne2+ Kh4 76. Be8 Ra2+ 77. Kd3 Rd2+ 78. Ke3 Rd5
79. Bb5 c2 80. Bd3 Re5+ 81. Kd2 g4 82. Kxc2 f5 83. Kc3 Kg5 84. Kd4 Re8 85. Nc3
Rd8+ 86. Nd5 f4 87. Kc5 f3 88. Be4 Kh4 89. Kb6 f2 90. Ne3 Re8 91. Nf5+ Kh3 92.
Bd3 Re5 93. Bf1+ Kh2 94. Nh4 Kg1 95. Bg2 Rh5 0-1

[Event "European Youth Chess Championship B14"]
[Site "Prague, Top Hotel Prague"]
[Date "2016.08.22"]
[Round "5.9"]
[White "Stevanic, David"]
[Black "Shubin, Kirill"]
[Result "0-1"]
[WhiteElo "2127"]
[BlackElo "2298"]
[PlyCount "98"]
[EventDate "2016.08.18"]

1. e4 e6 2. d4 d5 3. Nc3 Bb4 4. e5 c5 5. Bd2 Ne7 6. a3 Bxc3 7. Bxc3 b6 8. Bb5+
Bd7 9. Bd3 Nbc6 10. Nf3 Ng6 11. Bxg6 hxg6 12. Qd2 g5 13. O-O-O g4 14. Ng1 cxd4
15. Bxd4 Nxd4 16. Qxd4 Qg5+ 17. Kb1 Rc8 18. b3 Rh5 19. Re1 Qf5 20. Qd2 Bb5 21.
Kb2 a5 22. f3 a4 23. fxg4 Qxg4 24. Nf3 Qg6 25. Re3 axb3 26. Rxb3 Ba4 27. Rc3
Rc5 28. Rxc5 bxc5 29. Rc1 Qe4 30. Qa5 Qc4 31. Qa8+ Ke7 32. Qb7+ Bd7 33. Qb3 Qa6
34. Rb1 Rh8 35. Ka2 Ra8 36. Nd2 Qa5 37. c3 Kf8 38. Qb2 Kg8 39. Rc1 Qa7 40. g3
Rb8 41. Qc2 Ba4 42. Qd3 Bb3+ 43. Nxb3 Rxb3 44. Kxb3 c4+ 45. Qxc4 dxc4+ 46. Kxc4
Qa4+ 47. Kd3 Qxa3 48. Rb1 Qc5 49. c4 Qxe5 0-1

[Event "European Youth Chess Championship B14"]
[Site "Prague, Top Hotel Prague"]
[Date "2016.08.22"]
[Round "5.10"]
[White "Gavrilescu, David"]
[Black "Nowak, Mikolaj"]
[Result "1-0"]
[WhiteElo "2285"]
[BlackElo "2123"]
[PlyCount "79"]
[EventDate "2016.08.18"]

1. e4 e5 2. Nf3 Nc6 3. Bc4 Bc5 4. d3 Nf6 5. Bb3 h6 6. Nbd2 O-O 7. O-O Re8 8. c3
d6 9. Re1 a6 10. Nf1 Ba7 11. Ng3 Be6 12. h3 Qd7 13. Nh2 d5 14. Qf3 Kh7 15. exd5
Bxd5 16. Bxd5 Nxd5 17. Ng4 Re6 18. Nh5 Rd8 19. Qg3 Rg6 20. Bxh6 gxh6 21. c4 Qf5
22. cxd5 Rxd5 23. Qh4 Rdd6 24. Rac1 Bd4 25. b3 Nb4 26. Rxc7 Nxd3 27. Re2 Bb6
28. Rxb7 Nf4 29. Nxf4 Rd1+ 30. Kh2 Qxf4+ 31. Qg3 Qc1 32. Qxe5 Rh1+ 33. Kg3 Qc6
34. Rxf7+ Kg8 35. Rf6 Qxf6 36. Qxf6 Bc7+ 37. f4 Rxf6 38. Nxf6+ Kf7 39. Nd5 Bd6
40. Ne3 1-0

[Event "European Youth Chess Championship B14"]
[Site "Prague, Top Hotel Prague"]
[Date "2016.08.22"]
[Round "5.11"]
[White "Sahin, Doga Boran"]
[Black "Guerra Rivera, Salvador"]
[Result "0-1"]
[WhiteElo "2107"]
[BlackElo "2285"]
[PlyCount "70"]
[EventDate "2016.08.18"]

1. e4 e5 2. Nf3 d6 3. d4 exd4 4. Nxd4 Nf6 5. Nc3 Be7 6. Be2 O-O 7. O-O Re8 8.
f4 Bf8 9. Bf3 c5 10. Nb3 Nc6 11. Re1 c4 12. Nd4 d5 13. Nxc6 bxc6 14. Be3 dxe4
15. Qxd8 Rxd8 16. Nxe4 Nd5 17. Rad1 Bf5 18. Bd2 Rab8 19. b3 c3 20. Nxc3 Nb4 21.
Be4 Bg4 22. Bf3 Bxf3 23. gxf3 Nxc2 24. Rf1 Rd3 25. Ne4 Rbd8 26. Rc1 Nd4 27. Kg2
f5 28. Ba5 Rd5 29. Nf2 Rxf3 30. Bc7 Bd6 31. Bxd6 Rxd6 32. Nh1 Rxf1 33. Rxf1 Ne6
34. Ng3 Rd2+ 35. Rf2 Nxf4+ 0-1

[Event "European Youth Chess Championship B14"]
[Site "Prague, Top Hotel Prague"]
[Date "2016.08.22"]
[Round "5.12"]
[White "Teclaf, Pawel"]
[Black "Morgunov, Daniel"]
[Result "1-0"]
[WhiteElo "2247"]
[BlackElo "2098"]
[PlyCount "73"]
[EventDate "2016.08.18"]

1. e4 e5 2. Nf3 Nc6 3. Bb5 a6 4. Ba4 Nf6 5. O-O b5 6. Bb3 d6 7. c3 Na5 8. Bc2
c5 9. d4 Qc7 10. Nbd2 cxd4 11. cxd4 Bd7 12. Re1 Be7 13. Nf1 O-O 14. Bg5 Bg4 15.
Rc1 Nc6 16. Bb3 Qb6 17. dxe5 Nxe5 18. Ne3 Bxf3 19. gxf3 Qd4 20. Nf5 Qxd1 21.
Nxe7+ Kh8 22. Bxd1 Nd3 23. Bb3 Nxe1 24. Rxe1 Nd7 25. Bd5 Ne5 26. Kg2 Rab8 27.
Rc1 h6 28. Be3 Nd3 29. Rc7 Nxb2 30. Nf5 Nc4 31. Bd4 Rbc8 32. Ra7 Kh7 33. Bxf7
Ra8 34. Bg6+ Kxg6 35. Rxg7+ Kh5 36. Ng3+ Kh4 37. Rg4# 1-0

[Event "European Youth Chess Championship B14"]
[Site "Prague, Top Hotel Prague"]
[Date "2016.08.22"]
[Round "5.13"]
[White "Suvorov, Alexander"]
[Black "Kaasen, Tor Fredrik"]
[Result "1-0"]
[WhiteElo "2059"]
[BlackElo "2229"]
[PlyCount "79"]
[EventDate "2016.08.18"]

1. d4 Nf6 2. c4 g6 3. Nc3 Bg7 4. Nf3 O-O 5. Bg5 d6 6. e3 c5 7. d5 e6 8. Bd3
exd5 9. cxd5 Bg4 10. h3 Bxf3 11. Qxf3 Nbd7 12. Qe2 Ne5 13. O-O a6 14. a4 Qa5
15. f4 Nxd3 16. Qxd3 Qb4 17. a5 c4 18. Qe2 b5 19. axb6 Rfe8 20. f5 Nd7 21. Ra4
Qxb6 22. Rxc4 h6 23. fxg6 fxg6 24. Bf4 Ne5 25. Bxe5 Rxe5 26. Rc6 Qa7 27. Rf3
Rae8 28. Qxa6 Qe7 29. e4 Rxe4 30. Nxe4 Qxe4 31. Qf1 Qb4 32. Rc1 Qxb2 33. Rd1
Kh7 34. Rf7 Re2 35. Qf3 Kh8 36. Rf1 Rd2 37. Rf4 Qe5 38. Rc4 Rxd5 39. Re4 Qb2
40. Re8+ 1-0

[Event "European Youth Chess Championship B14"]
[Site "Prague, Top Hotel Prague"]
[Date "2016.08.22"]
[Round "5.14"]
[White "Parkhov, Yair"]
[Black "Vrolijk, Liam"]
[Result "0-1"]
[WhiteElo "2102"]
[BlackElo "2221"]
[PlyCount "102"]
[EventDate "2016.08.18"]

1. d4 Nf6 2. c4 e6 3. Nf3 d5 4. g3 Be7 5. Bg2 O-O 6. O-O dxc4 7. Qc2 a6 8. a4
Bd7 9. Qxc4 Bc6 10. Nc3 b5 11. Qd3 b4 12. Nb1 Be4 13. Qd1 c5 14. Nbd2 Bd5 15.
dxc5 Nbd7 16. c6 Bxc6 17. Nb3 Nb6 18. Nbd4 Be4 19. a5 Nc4 20. Qa4 Qc8 21. Nd2
Bxg2 22. Kxg2 Ne5 23. N2f3 Qb7 24. Bf4 Nfd7 25. Bxe5 Nxe5 26. Rac1 Rac8 27.
Rfd1 h6 28. Kg1 Nxf3+ 29. Nxf3 Bf6 30. Rxc8 Rxc8 31. b3 Qe4 32. Rd2 g5 33. h3
h5 34. Qd7 Rd8 35. Qa4 Rc8 36. Qd7 Rc1+ 37. Rd1 Rxd1+ 38. Qxd1 Qf5 39. Qd2 Qxa5
40. Kh2 Qc5 41. e4 Qc3 42. Qd1 a5 43. Kg2 Kg7 44. g4 hxg4 45. hxg4 Qc6 46. Qd3
a4 47. bxa4 Qxa4 48. e5 Be7 49. Qe4 Qd1 50. Qb7 Bc5 51. Kg3 Qf1 0-1

[Event "European Youth Chess Championship B14"]
[Site "Prague, Top Hotel Prague"]
[Date "2016.08.22"]
[Round "5.15"]
[White "Loukopoulos, Panagiotis-Athana"]
[Black "Petriashvili, Nikoloz"]
[Result "0-1"]
[WhiteElo "1663"]
[BlackElo "2198"]
[PlyCount "66"]
[EventDate "2016.08.18"]

1. e4 c5 2. Nc3 g6 3. d4 cxd4 4. Qxd4 Nf6 5. Bg5 Nc6 6. Qa4 Bg7 7. Nf3 O-O 8.
e5 Ne8 9. Bf4 d6 10. O-O-O Bd7 11. Bb5 a6 12. Bxc6 Bxc6 13. Qb4 a5 14. Qc4 Rc8
15. Qb3 b5 16. Nd4 Bxg2 17. Rhg1 b4 18. Ncb5 Be4 19. Qe3 Bb7 20. Bh6 Rc5 21.
Bxg7 Nxg7 22. exd6 e5 23. Nc7 exd4 24. Qxd4 Rf5 25. Qb6 Bf3 26. Rd3 Qd7 27. Rg3
Be4 28. Rd1 Qc6 29. Qxc6 Bxc6 30. d7 Rd8 31. Re3 Rxd7 32. Rxd7 Bxd7 33. Rd3 Be8
0-1

[Event "European Youth Chess Championship B14"]
[Site "Prague, Top Hotel Prague"]
[Date "2016.08.22"]
[Round "5.16"]
[White "Kalabukhov, Bogdan"]
[Black "Lomasov, Semen"]
[Result "0-1"]
[WhiteElo "2090"]
[BlackElo "2383"]
[PlyCount "108"]
[EventDate "2016.08.18"]

1. d4 Nf6 2. c4 e6 3. g3 c5 4. d5 exd5 5. cxd5 b5 6. e4 Nxe4 7. Bg2 Nd6 8. Ne2
Be7 9. O-O O-O 10. Bf4 Bb7 11. Nbc3 b4 12. Bxd6 Bxd6 13. Ne4 Qb6 14. g4 Re8 15.
Nxd6 Qxd6 16. Ng3 Qf8 17. Qa4 d6 18. Rfe1 Rd8 19. Qb5 Bc8 20. h3 Nd7 21. f4 Nb6
22. a4 bxa3 23. Rxa3 Bd7 24. Qd3 a5 25. Ne4 f6 26. Nc3 a4 27. Raa1 Re8 28. Nb5
c4 29. Qd4 Bxb5 30. Qxb6 Rxe1+ 31. Rxe1 Qb8 32. Qe3 Qa7 33. Qxa7 Rxa7 34. Rc1
Rb7 35. Rc2 Ba6 36. Bf1 Rb4 37. Kf2 Kf7 38. Ke3 Ke7 39. Kd2 Kd7 40. Be2 g5 41.
fxg5 fxg5 42. Kc3 Rb3+ 43. Kd2 Rxh3 44. Bf1 c3+ 45. Rxc3 Rxc3 46. Bxa6 a3 47.
bxa3 Rxa3 48. Bd3 h6 49. Ke3 Kc7 50. Kd4 Kb6 51. Be2 Ra4+ 52. Ke3 Kc5 53. Bf3
Ra3+ 54. Kf2 Rxf3+ 0-1

[Event "European Youth Chess Championship B14"]
[Site "Prague, Top Hotel Prague"]
[Date "2016.08.22"]
[Round "5.17"]
[White "Pavlov, Danila"]
[Black "Davtyan, Artur"]
[Result "1-0"]
[WhiteElo "2077"]
[BlackElo "2304"]
[PlyCount "145"]
[EventDate "2016.08.18"]

1. e4 c5 2. Nf3 Nc6 3. d4 cxd4 4. Nxd4 Qb6 5. Nb3 Nf6 6. Nc3 e6 7. Be3 Qc7 8.
a3 a6 9. f4 d6 10. Be2 b5 11. Bf3 Bb7 12. O-O Be7 13. Rf2 Rc8 14. Rd2 Nd7 15.
Qe2 O-O 16. Qf2 Rfd8 17. Rad1 Ba8 18. g4 g5 19. fxg5 Nce5 20. Be2 Rb8 21. Nc1
Bc6 22. h3 Nb6 23. Rf1 Be8 24. Nd3 Nec4 25. Nf4 Nxe3 26. Qxe3 Bxg5 27. h4 Bxh4
28. Qf3 Qe7 29. Bd3 Nd7 30. Qh3 Bg5 31. e5 Nf8 32. exd6 Rxd6 33. Ne4 Rxd3 34.
Rxd3 h6 35. Nxg5 Qxg5 36. Nh5 Nh7 37. Qg3 Rc8 38. c3 b4 39. Qf4 bxa3 40. Qxg5+
hxg5 41. b3 Kf8 42. Ra1 f5 43. Rxa3 f4 44. c4 Rc6 45. Rd2 Ke7 46. Rda2 Rb6 47.
Rxa6 Rxb3 48. Ra7+ Bd7 49. Rxd7+ Kxd7 50. Ra7+ Kd6 51. Rxh7 Rb1+ 52. Kf2 Rb2+
53. Kf3 Rb3+ 54. Kf2 Rb2+ 55. Kf1 Ke5 56. Rd7 Rc2 57. Rg7 Kd4 58. Rxg5 e5 59.
Rf5 Rc1+ 60. Kg2 Rc2+ 61. Kh3 Rc3+ 62. Kh4 f3 63. Ng3 e4 64. Rf4 Ke3 65. Rxe4+
Kf2 66. g5 Kg2 67. Rg4 Kh2 68. Ne4 Rxc4 69. Nd2 Rc3 70. g6 Rc8 71. g7 Rg8 72.
Rg6 Kh1 73. Kh5 1-0

[Event "European Youth Chess Championship B14"]
[Site "Prague, Top Hotel Prague"]
[Date "2016.08.22"]
[Round "5.18"]
[White "Lisnyak, Vladislav"]
[Black "Karayev, Kanan"]
[Result "0-1"]
[WhiteElo "2075"]
[BlackElo "2275"]
[PlyCount "114"]
[EventDate "2016.08.18"]

1. e4 e5 2. Nf3 Nc6 3. Bb5 a6 4. Ba4 Nf6 5. O-O Be7 6. Re1 b5 7. Bb3 O-O 8. c3
d5 9. exd5 Nxd5 10. Nxe5 Nxe5 11. Rxe5 c6 12. Bxd5 cxd5 13. d4 Bd6 14. Re1 Qh4
15. g3 Qh3 16. Be3 Bg4 17. Qd3 Rae8 18. Nd2 Re6 19. Qf1 Qh5 20. f3 Bh3 21. Qf2
Rfe8 22. Nf1 Qg6 23. Rad1 f5 24. Bd2 f4 25. Rxe6 Rxe6 26. Re1 Bxf1 27. Rxe6
Qxe6 28. Kxf1 fxg3 29. hxg3 Qh3+ 30. Qg2 Qxg3 31. Qxg3 Bxg3 32. Kg2 Bd6 33. Kh3
Kf7 34. Kg4 Kg6 35. b3 h5+ 36. Kh3 Kf5 37. a4 g5 38. axb5 axb5 39. Kg2 g4 40.
fxg4+ Kxg4 41. Be1 Bf4 42. c4 bxc4 43. bxc4 dxc4 44. Bb4 h4 45. d5 h3+ 46. Kh1
Kf5 47. Kg1 Ke5 48. d6 Ke6 49. Kh1 Be5 50. Kg1 Bxd6 51. Bc3 Kd5 52. Kh1 Ke4 53.
Bd2 Kd3 54. Bc1 c3 55. Bg5 c2 56. Bc1 Bb4 57. Kh2 Bd2 0-1

[Event "European Youth Chess Championship B14"]
[Site "Prague, Top Hotel Prague"]
[Date "2016.08.22"]
[Round "5.19"]
[White "Sahidi, Samir"]
[Black "Petkov, Matey"]
[Result "0-1"]
[WhiteElo "2225"]
[BlackElo "2072"]
[PlyCount "90"]
[EventDate "2016.08.18"]

1. e4 e5 2. Nf3 d6 3. d4 exd4 4. Nxd4 Nf6 5. Nc3 Be7 6. Be2 O-O 7. O-O Re8 8.
Re1 Bf8 9. Bc4 c6 10. a4 a5 11. Ba2 h6 12. h3 Nbd7 13. Nf3 Qb6 14. Rb1 Nc5 15.
Be3 Qb4 16. Bxc5 Qxc5 17. Qd4 Qb4 18. Qd3 Nd7 19. Qc4 Re7 20. Bb3 Nc5 21. Nd4
Nxb3 22. cxb3 Qb6 23. Rbd1 Bd7 24. Kh1 Rae8 25. Re2 g6 26. Red2 Bg7 27. f3 h5
28. Rf1 h4 29. f4 Rxe4 30. Nxe4 Rxe4 31. f5 Rxd4 32. Qe2 Rxd2 33. Qxd2 Bxf5 34.
Qxd6 Qd4 35. Qb8+ Kh7 36. Qxb7 Qd5 37. Qe7 Bxb2 38. Qxh4+ Kg7 39. b4 Bf6 40.
Qf4 axb4 41. Qxb4 Bxh3 42. Rf2 Bd4 43. Rf3 Bg4 44. Rg3 c5 45. Qb8 Qh5+ 0-1

[Event "European Youth Chess Championship B14"]
[Site "Prague, Top Hotel Prague"]
[Date "2016.08.22"]
[Round "5.20"]
[White "Nesterov, Arseniy"]
[Black "Oboladze, Luka"]
[Result "0-1"]
[WhiteElo "2216"]
[BlackElo "2076"]
[PlyCount "118"]
[EventDate "2016.08.18"]

1. d4 Nf6 2. Bg5 e6 3. e4 h6 4. Bxf6 Qxf6 5. Nf3 d6 6. Nc3 g6 7. Bc4 Bg7 8. Qe2
Nc6 9. Rd1 O-O 10. O-O a6 11. a3 g5 12. h3 Qg6 13. Qe3 b5 14. Bd3 Qh5 15. e5 d5
16. Ne2 f5 17. exf6 Bxf6 18. Ng3 Qf7 19. c3 Bd7 20. Bb1 Rae8 21. Qd3 Bh8 22. h4
g4 23. Ne5 Nxe5 24. dxe5 b4 25. Qd4 Qf4 26. Qd3 Qf7 27. Qxa6 Rb8 28. Qe2 Bb5
29. Qxg4+ Bg7 30. axb4 Bxf1 31. Rxf1 Kh8 32. Bg6 Qf4 33. Qxe6 Qxe5 34. Qxe5
Bxe5 35. Nf5 Rb6 36. h5 Rxg6 37. hxg6 Rxf5 38. Rd1 Kg7 39. g3 Bd6 40. Kg2 Kxg6
41. g4 Re5 42. Kf3 Kf6 43. Rh1 Bf8 44. Rd1 Ke6 45. Ra1 Kd7 46. Rd1 Ke6 47. Ra1
Kd7 48. Ra8 Bd6 49. Rh8 Re6 50. b5 Bc5 51. Kg3 Rf6 52. Rh7+ Kc8 53. f3 Kb7 54.
b3 Kb6 55. c4 Bd6+ 56. Kf2 dxc4 57. bxc4 Kc5 58. g5 hxg5 59. Rg7 Bf4 0-1

[Event "European Youth Chess Championship B14"]
[Site "Prague, Top Hotel Prague"]
[Date "2016.08.22"]
[Round "5.21"]
[White "Georgakopoulos, Nikolaos K"]
[Black "Mnatsakanian, Arsen"]
[Result "0-1"]
[WhiteElo "2059"]
[BlackElo "2195"]
[PlyCount "72"]
[EventDate "2016.08.18"]

1. e4 c5 2. Nf3 e6 3. d4 cxd4 4. Nxd4 Nf6 5. Nc3 Nc6 6. Ndb5 d6 7. Bf4 e5 8.
Bg5 a6 9. Na3 b5 10. Nd5 Be7 11. Bxf6 Bxf6 12. c3 O-O 13. Nc2 Bg5 14. a4 bxa4
15. Rxa4 Kh8 16. Bc4 Na5 17. Nce3 Bd7 18. Ra2 Bxe3 19. Nxe3 Nxc4 20. Nxc4 Be6
21. Ra4 Rb8 22. O-O Bxc4 23. Rxc4 Rxb2 24. Ra4 Qb6 25. Qd3 a5 26. Qd5 Rb5 27.
Qd3 Re8 28. Ra2 h6 29. Rd2 Re6 30. Qh3 Rb1 31. Rdd1 Rxd1 32. Rxd1 Qb3 33. Rc1
a4 34. Qd3 a3 35. Qd5 Rf6 36. Rf1 Qxd5 0-1

[Event "European Youth Chess Championship B14"]
[Site "Prague, Top Hotel Prague"]
[Date "2016.08.22"]
[Round "5.22"]
[White "Kopylov, Daniel"]
[Black "Zimmer, Raphael"]
[Result "0-1"]
[WhiteElo "2050"]
[BlackElo "2180"]
[PlyCount "70"]
[EventDate "2016.08.18"]

1. e4 e5 2. Nf3 Nc6 3. d4 exd4 4. Nxd4 Nf6 5. Nxc6 bxc6 6. e5 Qe7 7. Qe2 Nd5 8.
c4 Ba6 9. Nd2 g6 10. Nf3 Qb4+ 11. Kd1 Rb8 12. Qc2 Nb6 13. b3 Bg7 14. Bd2 Qe7
15. Bc3 O-O 16. Bd3 c5 17. Qe2 d5 18. Kc2 dxc4 19. bxc4 Qe6 20. Nd2 Qc6 21. f4
Qa4+ 22. Kc1 Rfd8 23. Rd1 Qa3+ 24. Kc2 Na4 25. Nb3 Nxc3 26. Kxc3 Rd4 27. g3
Bxc4 28. Bxc4 Qb4+ 29. Kb2 Rxc4 30. Rac1 Re4 31. Qd2 Qxd2+ 32. Rxd2 c4 33. Rd7
cxb3 34. axb3 Re2+ 35. Ka3 Bf8+ 0-1

[Event "European Youth Chess Championship B14"]
[Site "Prague, Top Hotel Prague"]
[Date "2016.08.22"]
[Round "5.23"]
[White "Martinovici, Ilie"]
[Black "Ongut, Tamas Gunes"]
[Result "0-1"]
[WhiteElo "2170"]
[BlackElo "2063"]
[PlyCount "124"]
[EventDate "2016.08.18"]

1. d4 d6 2. Nf3 Nf6 3. e3 g6 4. Bd3 Bg7 5. b3 O-O 6. Bb2 c6 7. O-O a5 8. c4 Na6
9. Nbd2 Nc7 10. Re1 d5 11. Qc2 Nce8 12. Ne5 Nd6 13. Rac1 Bf5 14. Bxf5 Nxf5 15.
cxd5 Nxd5 16. Ndf3 e6 17. Rcd1 Nh4 18. Nxh4 Qxh4 19. Nd7 Rfd8 20. Nc5 Nb4 21.
Qb1 Qe7 22. a3 Na6 23. Na4 b5 24. Nc3 Qh4 25. Ne4 Rac8 26. Rc1 Rd5 27. Ng3 Rdd8
28. Rc2 f5 29. Qc1 Rd6 30. Qd2 Qd8 31. Qe2 Qb6 32. Rec1 h6 33. Qf3 g5 34. Nh5
Bh8 35. h4 Nb8 36. Rc5 Qd8 37. Qg3 g4 38. Rxb5 e5 39. Rbc5 Qe8 40. dxe5 Qxh5
41. exd6 Bxb2 42. Rd1 Nd7 43. Rxa5 Qf7 44. e4 c5 45. b4 Bf6 46. f4 Bd4+ 47. Kh2
Nf6 48. exf5 h5 49. Qd3 Kf8 50. bxc5 g3+ 51. Kh1 Bf2 52. d7 Rd8 53. c6 Bb6 54.
Qc3 Kg8 55. Rb5 Ne4 56. Qf3 Nf2+ 57. Kg1 Ba7 58. Rdd5 Ng4+ 59. Rbc5 Qe7 60. Qc3
Rb8 61. Qc1 Bxc5+ 62. Rxc5 Qxc5+ 0-1

[Event "European Youth Chess Championship B14"]
[Site "Prague, Top Hotel Prague"]
[Date "2016.08.22"]
[Round "5.24"]
[White "Kamer, Kayra"]
[Black "Globus, Or"]
[Result "0-1"]
[WhiteElo "2041"]
[BlackElo "2165"]
[PlyCount "72"]
[EventDate "2016.08.18"]

1. Nf3 Nf6 2. g3 g6 3. Bg2 Bg7 4. O-O O-O 5. d4 d6 6. b3 c5 7. Bb2 Nc6 8. c4
Bf5 9. d5 Na5 10. Nc3 a6 11. Nd2 Rb8 12. e4 Bd7 13. Qe2 b5 14. h3 Nh5 15. Nd1
bxc4 16. Bxg7 Nxg7 17. bxc4 e5 18. f4 exf4 19. gxf4 Re8 20. Nf2 Nh5 21. Qf3 f5
22. e5 dxe5 23. fxe5 Qg5 24. Nfe4 fxe4 25. Nxe4 Qxe5 26. Qf7+ Kh8 27. Qxd7 Nxc4
28. Rae1 Re7 29. Qg4 Qd4+ 30. Kh2 Rbe8 31. Qf3 Qxd5 32. Kh1 Rxe4 33. Qc3+ Qd4
34. Qxd4+ cxd4 35. Bxe4 Ng3+ 36. Kg1 Nxf1 0-1

[Event "European Youth Chess Championship B14"]
[Site "Prague, Top Hotel Prague"]
[Date "2016.08.22"]
[Round "5.25"]
[White "Kramich, Aliaksei"]
[Black "Pribelszky, Bence"]
[Result "1-0"]
[WhiteElo "1629"]
[BlackElo "2161"]
[PlyCount "93"]
[EventDate "2016.08.18"]

1. e4 c5 2. Nf3 e6 3. d4 cxd4 4. Nxd4 Nc6 5. Nc3 Qc7 6. g3 a6 7. Bg2 Nf6 8. Be3
Be7 9. O-O O-O 10. Qe2 d6 11. Rad1 Nxd4 12. Rxd4 e5 13. Rc4 Qd8 14. Nd5 Nxd5
15. exd5 Bd7 16. Rb4 b5 17. Rc1 f5 18. c4 f4 19. Bd2 bxc4 20. gxf4 exf4 21.
Rbxc4 Rc8 22. Rxf4 Rxc1+ 23. Bxc1 Bf6 24. Qxa6 Re8 25. Re4 Bf5 26. Rxe8+ Qxe8
27. Be3 Bxb2 28. Qxd6 Be5 29. Qb4 Qh5 30. f4 Qd1+ 31. Kf2 Bf6 32. Bf3 Bh4+ 33.
Kg2 Bh3+ 34. Kxh3 Qxf3+ 35. Kxh4 h5 36. Qb8+ Kh7 37. Qb1+ g6 38. Qg1 Qxd5 39.
Qf2 Qf5 40. h3 Qe4 41. Kg3 Qh1 42. f5 Qe4 43. Qf4 Qd5 44. fxg6+ Kxg6 45. Qg5+
Qxg5+ 46. Bxg5 Kxg5 47. a4 1-0

[Event "European Youth Chess Championship B14"]
[Site "Prague, Top Hotel Prague"]
[Date "2016.08.22"]
[Round "5.26"]
[White "Stefansson, Vignir Vatnar"]
[Black "Fus, Jakub"]
[Result "1/2-1/2"]
[WhiteElo "2160"]
[BlackElo "2044"]
[PlyCount "101"]
[EventDate "2016.08.18"]

1. b3 e5 2. Bb2 d6 3. e3 g6 4. d4 Bg7 5. dxe5 Bxe5 6. Bxe5 dxe5 7. Qxd8+ Kxd8
8. Nf3 f6 9. Nbd2 Be6 10. O-O-O Ke7 11. g3 Nd7 12. Bg2 Nc5 13. Ne1 Rd8 14. c4
a5 15. Ne4 Rxd1+ 16. Kxd1 Nxe4 17. Bxe4 Bc8 18. Bg2 f5 19. e4 Nh6 20. Nd3 fxe4
21. Bxe4 Kf6 22. Re1 Rd8 23. Kc2 Nf7 24. Kc3 Bf5 25. f3 Bxe4 26. Rxe4 b6 27. a3
Rd7 28. b4 axb4+ 29. axb4 c6 30. c5 b5 31. h4 Ra7 32. Kb2 Rd7 33. Re3 Rd8 34.
Kb3 Kf5 35. g4+ Kf6 36. Nf2 Ke6 37. Nd3 Kf6 38. Kc3 Ra8 39. Nc1 Nd8 40. Nb3 Ne6
41. Rd3 Ke7 42. g5 Ra3 43. Kc2 Ra2+ 44. Kc1 Ra3 45. Re3 Kd7 46. Kb2 Ra4 47. Kc3
Nf4 48. Rxe5 Nd5+ 49. Kb2 Rxb4 50. Re4 Rxe4 51. fxe4 1/2-1/2